Cambridge step up to ielts / self-study student's book

Enregistré dans:
Détails bibliographiques
Auteur principal: Jakeman, Vanessa
Format: Livre
Publié: HCM. : Tổng hợp. 2008
Sujets:
Tags: Ajouter un tag
Pas de tags, Soyez le premier à ajouter un tag!
Thư viện lưu trữ: Mạng thư viện Đại học Đà Nẵng
LEADER 00878nam a22002531a 4500
001 000038567
003 14862
005 20220817153959.0
008 160412s2008 000
082 |a 420  |b JA-V 
100 |a Jakeman, Vanessa 
245 0 |a Cambridge step up to ielts /  |c Vanessa Jakeman, Clre Mcdowell  |n self-study student's book 
260 |c 2008  |a HCM. :  |b Tổng hợp. 
300 |a 158tr. : ;  |c 26cm. 
653 |a step up to ielts  |a ielts 
OWN |a LNN 
AVA |a UDN50  |b LNN  |c English  |d 420JA-V  |e available  |t Error 5001 Not defined in file expand_doc_bib_avail.  |f 2  |g 0  |h N  |i 0  |j AN 
999 |a From the UDN01 
AVA |a UDN50  |b LNN  |c English  |d 420JA-V  |e available  |t Error 5001 Not defined in file expand_doc_bib_avail.  |f 2  |g 0  |h N  |i 0  |j AN 
TYP |a Monograph 
980 |a Mạng thư viện Đại học Đà Nẵng